A giant statute (Record no. 79499)

MARC details
000 -LEADER
fixed length control field 01032cab a22002295a 4500
001 - CONTROL NUMBER
control field L141469
008 - FIXED-LENGTH DATA ELEMENTS--GENERAL INFORMATION
fixed length control field 071127e20071019xxk f 000 0 eng d
035 ## - SYSTEM CONTROL NUMBER
System control number (Sirsi) u141469
041 0# - LANGUAGE CODE
Language code of text/sound track or separate title eng
100 1# - MAIN ENTRY--PERSONAL NAME
Personal name Pemble, Stuart
245 02 - TITLE STATEMENT
Title A giant statute
260 ## - PUBLICATION, DISTRIBUTION, ETC.
Date of publication, distribution, etc. 2007
490 #0 - SERIES STATEMENT
Series statement Building
Volume/sequential designation 272(8502) 19 October 2007, 72-73(2)
520 ## - SUMMARY, ETC.
Summary, etc. Summarises the key provisions of the Companies Act 2006. The 2006 Act aims to simplify the rules that every company is bound by and gives private companies the chance to streamline administration enabling more focus on core business activities. Other key changes cover the disclosure of company information, new statutory duties for directors, shareholder approval, shareholders bringing a derivative claim, and companies no longer having to hold annual general meetings.
590 ## - LOCAL NOTE (RLIN)
Local note KA
650 24 - SUBJECT ADDED ENTRY--TOPICAL TERM
Topical term or geographic name entry element COMPANIES ACT 2006
650 24 - SUBJECT ADDED ENTRY--TOPICAL TERM
Topical term or geographic name entry element COMPANIES ACT 1985
651 #4 - SUBJECT ADDED ENTRY--GEOGRAPHIC NAME
Geographic name United Kingdom
Chronological subdivision
690 ## - LOCAL SUBJECT ADDED ENTRY--TOPICAL TERM (OCLC, RLIN)
Topical term or geographic name as entry element MANAGEMENT-BUSINESS MANAGEMENT
700 1# - ADDED ENTRY--PERSONAL NAME
Personal name Barfoot, Ross
942 ## - ADDED ENTRY ELEMENTS (KOHA)
Suppress in OPAC 0
Holdings
Withdrawn status Lost status Source of classification or shelving scheme Damaged status Not for loan Home library Current library Shelving location Date acquired Total Checkouts Full call number Barcode Date last seen Copy number Price effective from Koha item type
    Dewey Decimal Classification     London London Journal article 27/11/2007   L141469 141469-1001 06/08/2019 1 06/08/2019 Journal article